Circuiti di Mario Kart 8 Deluxe - Statistics

Statistiche generali
  • Questo quiz è stato fatto 12 volte
  • Il punteggio medio è 27 su 96
Statistiche sulle risposte
Trofeo Console retro Circuito % Corretto
Fiore - Circuito di Mario
91%
Guscio GBA Circuito di Mario
91%
Boomerang DS Circuito di Mario
91%
Speciale - Pista Arcobaleno
91%
Fulmine N64 Pista Arcobaleno
91%
Luna 3DS Pista Arcobaleno
91%
Triforza SNES Pista Arcobaleno
91%
Spinoso Wii Pista Arcobaleno
91%
Speciale - Castello di Bowser
73%
Spinoso SNES Castello di Bowser 3
73%
Rapa DS Flipper di Waluigi
64%
Crossing - Animal Crossing
55%
Crossing GCN Baby Park
55%
Scatto dorato Wii Outlet Cocco
55%
Stella - Aeroporto del Sole
45%
Guscio N64 Autostrada di Toad
45%
Campanella - Big Blue
45%
Ghianda Wii Circuito di Daisy
45%
Triforza - Circuito di Hyrule
45%
Uovo GCN Circuito di Yoshi
45%
Stella - Elettrodromo
45%
Foglia 3DS Melodiodromo
45%
Stella - Monte Wario
45%
Roccia Wii Pista degli aceri
45%
Guscio Wii Prateria Verde
45%
Fulmine Wii Vulcano Brontolone
45%
Scatto dorato 3DS Circuito di Toad
36%
Luna DS Giardino di Peach
36%
Elica Wii Gola Fungo
36%
Ghianda GCN Montagne di DK
36%
Frutta Wii Pista snowboard DK
36%
Ghianda Tour Roma romantica
36%
Boomerang GCN Stadio di Waluigi
36%
Foglia DS Stadio di Wario
36%
Piuma Wii Autostrada lunare
27%
Scatto dorato N64 Cioccocanyon
27%
Foglia GCN Circuito Gelato
27%
Speciale - Deserto di Tartosso
27%
Spinoso 3DS Ghiacciaio di Rosalinda
27%
Stella - Laguna Delfino
27%
Triforza Wii Miniera d'oro di Wario
27%
Uovo - Muraglia del Drago
27%
Uovo - Mute City
27%
Scatto dorato Tour Promenade di Parigi
27%
Guscio DS Spiaggia Smack
27%
Fulmine 3DS Tubirinto Piranha
27%
Elica - Cieli stracciatella
18%
Fiore - Cittadella Tremarella
18%
Piuma - Corsa in bagno
18%
Gattofortuna - Covo ninja
18%
Banana GCN Desertico Deserto
18%
Rapa N64 Deserto Kalimari
18%
Fungo - Dolce Dolce Canyon
18%
Banana 3DS Giungla DK
18%
Campanella 3DS Koopa City
18%
Campanella - Mariopolitana
18%
Piuma GCN Nave di Daisy
18%
Fungo - Parco Acquatico
18%
Ciliegia Wii Punta Koopa
18%
Fiore - Riviera di Toad
18%
Fungo - Rovine di Twomp
18%
Fungo - Stadio Mario Kart
18%
Campanella GBA Strada del Fiocco
18%
Crossing GBA Terra del Formaggio
18%
Foglia N64 Valle di Yoshi
18%
Rapa Tour Veduta di New York
18%
Frutta Tour Amsterdam in derapata
9%
Uovo - Arena Excitebike
9%
Crossing - Boscodromo
9%
Gattofortuna DS Colli Fungo
9%
Frutta - Isola Yoshi
9%
Roccia 3DS Monte Roccioso
9%
Banana SNES Pianura Ciambella 3
9%
Banana N62 Pista Reale
9%
Ciliegia GBA Riserva naturale
9%
Ciliegia Tour Scorci di Vancouver
9%
Speciale - Vascello Nuvolante
9%
Piuma Tour Alture di Atene
0%
Boomerang Tour Bangkok a manetta
0%
Ghianda - Cala Pianta Piranha
0%
Fiore - Cascate di Tipo Timido
0%
Rapa SNES Circuito di Mario 3
0%
Gattofortuna GBA Giardino Nuvola
0%
Roccia Tour Giro di Londra
0%
Luna Tour Gita a Berlino
0%
Roccia GBA Lago di Boo
0%
Spinoso Tour Movida di Madrid
0%
Gattofortuna Tour Neon di Tokyo
0%
Ciliegia Tour Panorama di Los Angeles
0%
Frutta GBA Parco Lungofiume
0%
Triforza - Pista Polare
0%
Fulmine DS Pist TIctac
0%
Boomerang Tour Singapore a tutto gas
0%
Elica Tour Sprint a Sydney
0%
Elica GBA Terra delle nevi
0%
Luna - Valico Addobbo
0%
Nessun quiz corrispondente trovato
Distribuzione punteggi
Percentuale di utenti per punteggio
Percentile per numero di risposta
I tuoi punteggi nel tempo
Non hai fatto questo quiz